<?xml version="1.0" encoding="UTF-8"?>
<record
    xmlns:xsi="http://www.w3.org/2001/XMLSchema-instance"
    xsi:schemaLocation="http://www.loc.gov/MARC21/slim http://www.loc.gov/standards/marcxml/schema/MARC21slim.xsd"
    xmlns="http://www.loc.gov/MARC21/slim">

  <leader>01071nam a22001817a 4500</leader>
  <controlfield tag="005">20210414113919.0</controlfield>
  <controlfield tag="008">120227t        xxu||||| |||| 00| 0 eng d</controlfield>
  <datafield tag="020" ind1=" " ind2=" ">
    <subfield code="a">0806519460</subfield>
  </datafield>
  <datafield tag="050" ind1=" " ind2=" ">
    <subfield code="a">HDD38.25.U6A45</subfield>
  </datafield>
  <datafield tag="100" ind1=" " ind2=" ">
    <subfield code="a">America, Richard F. </subfield>
  </datafield>
  <datafield tag="245" ind1=" " ind2=" ">
    <subfield code="a">Soul in management: how Africa-American managers thrive in the competitive environment  /</subfield>
    <subfield code="c"> Richard F. America and  Bernard E. Anderson </subfield>
  </datafield>
  <datafield tag="260" ind1=" " ind2=" ">
    <subfield code="a">New Jersey:</subfield>
    <subfield code="b">Citadel,</subfield>
    <subfield code="c">1997.</subfield>
  </datafield>
  <datafield tag="300" ind1=" " ind2=" ">
    <subfield code="a">xix, 236 p.:</subfield>
    <subfield code="b">ill.;</subfield>
    <subfield code="c">20cm.</subfield>
  </datafield>
  <datafield tag="500" ind1=" " ind2=" ">
    <subfield code="a">Includes index.</subfield>
  </datafield>
  <datafield tag="505" ind1=" " ind2=" ">
    <subfield code="a">Contents: The Seven dangerous misconceptions -- Defining racism and identifying racists -- Starting out on the right foot -- Making the most of performance appraisals -- Working with your boss -- Getting ahead -- Leading from your strength -- Understanding the value of loyalty --  Negotiating the minefield of  office politics -- Socializing with colleagues -- Gaining  maturity, emotional growth and awareness -- Staying in sync with other black managers -- Helping the community.</subfield>
  </datafield>
  <datafield tag="650" ind1=" " ind2=" ">
    <subfield code="a">African American executives. </subfield>
  </datafield>
  <datafield tag="942" ind1=" " ind2=" ">
    <subfield code="2">lcc</subfield>
    <subfield code="c">BK</subfield>
  </datafield>
  <datafield tag="999" ind1=" " ind2=" ">
    <subfield code="c">614</subfield>
    <subfield code="d">8114</subfield>
  </datafield>
  <datafield tag="952" ind1=" " ind2=" ">
    <subfield code="0">0</subfield>
    <subfield code="1">0</subfield>
    <subfield code="2">lcc</subfield>
    <subfield code="4">0</subfield>
    <subfield code="7">0</subfield>
    <subfield code="a">WIUC-1</subfield>
    <subfield code="b">WIUC-1</subfield>
    <subfield code="c">GEN</subfield>
    <subfield code="d">2012-02-27</subfield>
    <subfield code="l">0</subfield>
    <subfield code="o">HD38.25.U6A45</subfield>
    <subfield code="p">1442/12</subfield>
    <subfield code="r">2012-02-27 00:00:00</subfield>
    <subfield code="t">1</subfield>
    <subfield code="w">2012-02-27</subfield>
    <subfield code="y">BK</subfield>
  </datafield>
</record>
